000 00563nam a22001817a 4500
003 UA-OsUOA
001 8775
007 ta
008 20040927b un ||||| |||| 00| 0 ukr d
100 _aКулага Е.
942 _cSA
040 _aUA-OsUOA
_cUA-OsUOA
_dUA-OsUOA
245 _aОргани внутрішніх справ України в системі поділу державної влади
300 _aС.23-27
955 _a0
773 0 _w0
_tПраво України
_dКиїв
_d2004
_gN9
650 7 _aОргани правоохоронні
_2UDC
999 _c294936
_d294936